1790 1883 1558 1160 1187 1242 1484 1796 1978 1155 1454 1206 1791 1151 1260 1800 1382 1427 1294 1560 1686 1747 1001 1646 1021 1635 1063 1573 1213 1625 1178 1523 1107 1501 1539 1884 1863 1393 1173 1845 1841 1669 1320 1759 1967 1006 1808 1705 1481 1317 1266 1243 1831 1995 1676 1198 1317 1420 1109 1171 1562 1220 1708 1284 1131 1208 1802 1527 1087 1637 1360 1278 1702 1315 1878 1887 1665 1809 1033 1561 1695 1563 1220 1130 1611 1070 1602 1648 1047 1114 1450 1364 1108 1487 1266 1307 1818 1458 1960 BCNSPRNW ULIB Ver.6.0+V

เปลี่ยนเป็นภาษาไทย

Change to English
 แสดงรายละเอียดบรรณานุกรม
  กลับหน้าหลัก

Brief Record : Get Marc (ISO 2709) : E-mail record : QR code < ปิดหน้าต่าง
LEADER : 00000nam 2200000uu 4500
001    13399123366
003     ULIB
008    140827s2538||||th 000 0 tha d
099    วจ WB425^bช149ผ
100 0  ชนาพร หยีวิยม
245 00 ผลของการดูแลตนเองด้วยการออกกำลังกายเพื่อลดระดับความดันโลหิตและระดับคอเลสเตอรอลของหญิงสูงอายุ/^cชนาพร หยีวิยม
260    นนทบุรี:^bกองสาธารณสุขภูมิภาค กระทรวงสาธารณสุข,^c2538
300    80 หน้า
650  0 การออกกำลังกาย^xหญิงสูงอายุ
650  0 ระดับความดันโลหิต
650  0 ระดับคอลเลสเตอรอล
945    ^p0^l0^i017912
999    ^aเกษร โพธิ์สุวรรณ
รายการนี้ยังไม่มีแท็ก
คุณยังไม่ได้ล็อกอิน คุณสามารถมีกิจกรรมร่วมกับเว็บไซต์ได้ แต่ต้องล็อกอินก่อน ::
  ล็อกอิน

รายการสื่อสารสนเทศ

ลำดับที่ ประเภท เลขเรียก/บาร์โค้ด สถานที่ สถานะ
1. งานวิจัย
งานวิจัย
วจ WB425 ช149ผ ฉ.1 
  Barcode: 017912
ห้องสมุดวิทยาเขตสวรรค์ประชารักษ์
►วิจัย
บนชั้น

BibComment


ยังไม่เคยถูกคอมเมนท์

คอมเมนท์ทรัพยากรรายการนี้
  คอมเมนท์: ผลของการดูแลตนเอง..


 Copyright 2026. Bcnsprnw @Library